X Trilogy : Collector's Edition Box Set : Pearl /

Segunda parte de la trilogía de Maxine, en el que se conocen los antecedentes de la anciana asesina y ninfómana de la primera parte. Se revela la identidad del personaje, una mujer llamada Pearl que, siendo joven en los años posteriores a la primera guerra mundial, intenta convertirse en actriz y cu...

Ausführliche Beschreibung

Gespeichert in:
Bibliographische Detailangaben
1. Verfasser: West, Ti (realización)
Weitere Verfasser: West, Ti (guión) (guión), Goth, Mia (guión) (guión), Rockett, Eliot (fotógrafo) (fotógrafo), Turzanska, Malgosia (vestuario) (vestuario), West, Ti (montaje) (montaje), Bates, Tyler (música) (música), Williams, Tim (música) (música), Goth, Mia (actuación) (actuación), Corenswet, David (actuación) (actuación), Wright, Tandi (actuación) (actuación), Rockett, Eliot (comentarios) (comentarios), Hammock, Tom (comentarios) (comentarios)
Format: Dia
Sprache:Englisch
Veröffentlicht: EUA : Little Lamb : Mad Solar Productions, 2023, c2023
Ausgabe:Edición especial
Schriftenreihe:(A24 ; 27/2)
Schlagworte:
Tags: Tag hinzufügen
Keine Tags, Fügen Sie das erste Tag hinzu!

MARC

LEADER 00000ngm^a2200000^a^4500
001 000630094
005 20260410000000.0
009 20260410195516.933
020 |a 978-1-960078-41-4 
037 |a Acervo ITESO - Biblioteca 
041 |a ING 
082 |a 808. 8  |b ATW V. 27 T. 2 
100 |a West, Ti  |e (realización) 
240 1 1 |a [X Trilogy] 
240 1 1 |a [Maxine] 
245 1 0 |a X Trilogy :  |b Collector's Edition Box Set : Pearl /  |c Realización de T. West. 
246 2 |a Título en México: Pearl 
250 |a Edición especial 
264 4 |a EUA :  |b Little Lamb :  |b Mad Solar Productions,  |c 2023, c2023 
264 2 |a Nueva York, EUA :  |b A24 [distribución],  |c 2025, c2025 
300 |a 1 blu-ray región A (103, 15 min.) :  |b color 
336 |a imagen móvil bidimensional  |b tdi  |2 rdacontenido 
337 |a video  |b v  |2 rdamedio 
338 |a videodisco  |b vd  |2 rdasoporte 
440 1 |a (A24 ;  |v 27/2) 
520 |a Segunda parte de la trilogía de Maxine, en el que se conocen los antecedentes de la anciana asesina y ninfómana de la primera parte. Se revela la identidad del personaje, una mujer llamada Pearl que, siendo joven en los años posteriores a la primera guerra mundial, intenta convertirse en actriz y cuya obsesión por alcanzar el estrellato la lleva a cometer actos psicópatas. 
546 |a En inglés, con subtítulos opcionales: español, inglés 
546 |a Audiodescripción en inglés, para ciegos y débiles visuales 
649 |a XX 
650 |a Actores en el Cine 
650 |a Asesinos en Serie en el Cine 
650 |a Mujeres en el Cine 
650 |a Granjas y Ranchos en el Cine 
650 |a Cines en el Cine 
650 |a Producción Cinematográfica -  |z EUA 
650 |a Making Of (Documentales detrás de Cámaras) 
650 |a Precuelas y Secuelas 
650 |a Películas de Suspenso y Terror 
650 |a Cine Independiente -  |z EUA 
650 |a Cine Norteamericano -  |y 2020-2029 
650 |a Cine Norteamericano -  |y Siglo XXI 
650 |a Cine Norteamericano -  |x Historia y Crítica 
650 |a Cine en el Cine 
650 |a Erotismo en el Cine 
650 |a Asesinato 
650 |a Adicción al Sexo 
650 |a Sexualidad 
650 |a Psicopatología y Delito 
650 |a Texas, EUA en el Cine 
700 |a West, Ti  |e (guión) 
700 |a Goth, Mia  |e (guión) 
700 |a Rockett, Eliot  |e (fotógrafo) 
700 |a Turzanska, Malgosia  |e (vestuario) 
700 |a West, Ti  |e (montaje) 
700 |a Bates, Tyler  |e (música) 
700 |a Williams, Tim  |e (música) 
700 |a Goth, Mia  |e (actuación) 
700 |a Corenswet, David  |e (actuación) 
700 |a Wright, Tandi  |e (actuación) 
700 |a Rockett, Eliot  |e (comentarios) 
700 |a Hammock, Tom  |e (comentarios) 
740 0 |a Pearl =  |b Pearl /  |c Realización de T. West. 
910 |a Fondo General 
920 |a Audiovisuales - Blu-rays 
940 |a Películas 
905 |a 309 
901 |a 630383-10  |b IT2  |c BRR  |i C193244  |u 20260410 
902 |a https://opac.biblio.iteso.mx/vufind/Record/000630094